Formula 1 Drivers by Team - Statistics

General Stats
  • This quiz has been taken 34 times
    4 since last reset
  • The average score is 10 of 20
Answer Stats
Answer % Correct
Lando Norris
100%
Max Verstappen
100%
Oscar Piastri
100%
Charles Leclerc
67%
Fernando Alonso
67%
George Russell
67%
Lance Stroll
67%
Alexander Albon
33%
Carlos Sainz
33%
Esteban Ocon
33%
Franco Colapinto
33%
Kevin Magnussen
33%
Lewis Hamilton
33%
Liam Lawson
33%
Nico Hülkenberg
33%
Pierre Gasly
33%
Sergio Perez
33%
Valtteri Bottas
33%
Yuki Tsunoda
33%
Zhou Guanyu
33%
No matching quizzes found
Score Distribution
Percent of People with Each Score
Percentile by Number Answered
Your Score History
You have not taken this quiz since the last reset